000 00533nam a2200181Ia 4500
001 21034
005 20260306172849.0
008 260306t2007||||xx |||||||||||||| ||spa||
041 _aESP
082 _a344
_bF34
100 _aFeijoo Sánchez, Bernardo José
_eAUT
245 0 _aLa normatización del derecho penal:
_b¿hacia una teoría sistemática o hacia una teoría intersubjetiva de la comunicación?
260 _c2007
300 _a165 páginas :
_c24 cm.
650 _aGEN
654 _aCDE
942 _cLIB
_dJUS
_fJUS
_2ddc
_n
999 _c21034
_d21034